| 000 | 00831cam a2200217 4500 | ||
|---|---|---|---|
| 001 | ABS64402 | ||
| 008 | 010821n2001 000 0 eng u | ||
| 035 | _a(Sirsi) u114229 | ||
| 100 | _aDear, B | ||
| 245 | _aImproving rights for flat owners | ||
| 260 | _c2001 | ||
| 490 |
_aNew Law Journal _v151(6995) 3 August 2001, 1152(1) |
||
| 520 | _aExamines the proposals contained in the draft Commonhold and Leasehold Reform Bill. The bill aims to reform flat ownership and management; however, due to the complexity of the regulatory infrastructure, commonhold may not be widely or speedily adopted. | ||
| 590 | _aABS | ||
| 650 | _aCOMMONHOLD AND LEASEHOLD REFORM BILL | ||
| 650 | _aLEASEHOLD REFORM | ||
| 650 | _aFLAT OWNERSHIP | ||
| 650 | _aFLAT MANAGEMENT | ||
| 690 | _aLANDLORD AND TENANT-LEASEHOLD REFORM | ||
| 942 | _n0 | ||
| 999 |
_c68046 _d68046 |
||